College Quizbowl Stats
College Quizbowl Stats
Circuits
Seasons
Sets
Records
Detailed Stats
About
Loading...
Lower Mid-Atlantic
Tossups
Bonuses
Players
Teams
Categories (Tossup)
Categories (Bonus)
Chase Woodson
Virginia A
Categories
Category
Powers
Gets
Negs
BBs
Points
Earliest Buzz
Avg. Buzz
First Buzzes
Top 3 Buzzes
BPA
PVF
Science - Other
0
3
0
0
30
90
111.00
0
2
3.39
15.38
Science - Physics
0
3
0
1
30
114
118.67
0
2
0.67
15.38
Religion
0
1
0
1
10
112
112.00
0
1
1.45
3.85
Science - Chemistry
0
1
0
1
10
121
121.00
0
0
0.00
1.28
Buzzes
Category
Answer
Value
Buzz Position
Science - Other
hyperbolic
10
90
Religion
impurity
10
112
Science - Physics
Max Born
10
114
Science - Other
distribution
10
115
Science - Physics
eddy currents
10
117
Science - Chemistry
valence
10
121
Science - Physics
moments
10
125
Science - Other
domains
10
128
Previous
1
Next